Foundations of real and abstract analysis (Record no. 1978)

MARC details
000 -LEADER
fixed length control field 00438 a2200169 4500
001 - CONTROL NUMBER
control field 068277
003 - CONTROL NUMBER IDENTIFIER
control field OSt
005 - DATE AND TIME OF LATEST TRANSACTION
control field 20220215165112.0
008 - FIXED-LENGTH DATA ELEMENTS--GENERAL INFORMATION
fixed length control field
082 ## - DEWEY DECIMAL CLASSIFICATION NUMBER
Classification number 515
Item number B76F
100 1# - MAIN ENTRY--PERSONAL NAME
Personal name Bridges, Douglas S.
245 1# - TITLE STATEMENT
Title Foundations of real and abstract analysis
Statement of responsibility, etc by Douglas S. Bridges
260 ## - PUBLICATION, DISTRIBUTION, ETC. (IMPRINT)
Place of publication, distribution, etc New York
Name of publisher, distributor, etc Springer
Date of publication, distribution, etc 1998
300 ## - PHYSICAL DESCRIPTION
Extent 322p.
653 ## - INDEX TERM--UNCONTROLLED
Uncontrolled term Mathematical analysis
942 ## - ADDED ENTRY ELEMENTS (KOHA)
Source of classification or shelving scheme Dewey Decimal Classification
Koha item type Books
Holdings
Withdrawn status Lost status Source of classification or shelving scheme Damaged status Not for loan Collection code Home library Current library Date acquired Source of acquisition Cost, normal purchase price Full call number Barcode Date last seen Price effective from Koha item type
    Dewey Decimal Classification     General Text Book Central University Of Rajasthan Central University Of Rajasthan 07/03/2012 MTH 995.00 515 B76F 2564 21/11/2024 02/09/2020 Books